000
00354nam a2200157Ia 4500
008
230605s1999 xx 000 0 und d
041
_a
eng
100
_a
Ronald
245
_a
Food and Beverage Service
260
_b
Education Instt. Pub.
_c
1999
_c
1999
300
_a
597
365
_b
415
500
_a
103
520
_a
General
650
_a
F. B.
999
_c
417784
_d
417784